Edison (Record no. 144055)

MARC details
000 -LEADER
campo de control de longitud fija 00630nam a2200181 i 4500
001 - NÚMERO DE CONTROL
campo de control 144055
003 - IDENTIFICADOR DE NÚMERO DE CONTROL
campo de control ES-MaACL
005 - FECHA Y HORA DE LA ÚLTIMA TRANSACCIÓN
campo de control 20230906200932.0
007 - CAMPO FIJO DE DESCRIPCIÓN FÍSICA--INFORMACIÓN GENERAL
campo de control de longitud fija t|
008 - DATOS DE LONGITUD FIJA--INFORMACIÓN GENERAL
campo de control de longitud fija 070214s1945 sp af |||| |bspa d
100 1# - ENTRADA PRINCIPAL--NOMBRE DE PERSONA
Nombre de persona Simonds, William Adams.
9 (RLIN) 106564
245 10 - MENCIÓN DEL TÍTULO
Título Edison
Resto del título : su vida, su obra, su genio /
Mención de responsabilidad, etc. William Adams Simonds ; [traducción, prólogo y notas de Luis Echevarría].
260 ## - PUBLICACIÓN, DISTRIBUCIÓN, ETC.
Lugar de publicación, distribución, etc. Madrid :
Nombre del editor, distribuidor, etc. Ed. y Publicaciones Españolas,
Fecha de publicación, distribución, etc. 1945 (
Fabricante Gráf. Ultra)
300 ## - DESCRIPCIÓN FÍSICA
Extensión 322 p., 11 lám. :
Otras características físicas il. ;
Dimensiones 22 cm.
600 14 - PUNTO DE ACCESO ADICIONAL DE MATERIA--NOMBRE DE PERSONA
Nombre de persona Edison, Thomas A.
9 (RLIN) 154955
700 1# - ENTRADA AGREGADA--NOMBRE PERSONAL
Nombre de persona Echavarría, Luis.
9 (RLIN) 46510
852 ## - LOCALIZACIÓN
Ubicación ES-MaACL
Número de control de estantería B-10419
Holdings
Estatus retirado Estado de pérdida Estado de daño No para préstamo Biblioteca de origen Biblioteca actual Ubicación en estantería Fecha de adquisición Fuente de adquisición Total de préstamos Signatura topográfica completa Código de barras Visto por última vez Precio de reemplazo Tipo de ítem Koha
        Biblioteca del Ateneo de Madrid Biblioteca del Ateneo de Madrid Sala Pardo Bazán 17/01/2008     B-10419 1149879 23/02/2023 23/02/2023 Libro impreso